20 самых населенных городов Германии на 2020 год - Statistics

General Stats
  • This quiz has been taken 247 times
  • The average score is 9 of 20
Answer Stats
Численность населения на 2020 год Город % Correct
3 326 002 Берлин
99%
1 364 920 Мюнхен
92%
1 718 187 Гамбург
85%
1 013 665 Кёльн
80%
676 533 Франкфурт-на-Майне
73%
571 403 Дортмунд
58%
510 043 Лейпциг
55%
517 765 Дрезден
54%
589 649 Дюссельдорф
49%
591 015 Штутгарт
47%
544 043 Бремен
47%
490 085 Нюрнберг
44%
509 485 Ганновер
36%
307 530 Бонн
25%
487 470 Дуйсбург
17%
565 900 Эссен
15%
362 585 Бохум
9%
327 199 Билефельд
4%
342 570 Вупперталь
3%
293 393 Мюнстер
3%
No matching quizzes found
Score Distribution
Percent of People with Each Score
Percentile by Number Answered
Your Score History
You have not taken this quiz